NorthStar: units 7 - 10 CD2 Building skills for the TOEFL iBT - Intermediate

Salvato in:
Dettagli Bibliografici
Autore principale: Beaumont, John
Natura: Libro
Lingua:Undetermined
Pubblicazione: White Plains, NY Pearson Longman in cooperationwith ETS 2006
Soggetti:
Tags: Aggiungi Tag
Nessun Tag, puoi essere il primo ad aggiungerne! !
Thư viện lưu trữ: Trung tâm Học liệu Trường Đại học Cần Thơ
LEADER 00698nam a2200217Ia 4500
001 CTU_129587
008 210402s9999 xx 000 0 und d
020 |c 364500 
082 |a 428.340076 
082 |b B379/CD2 
100 |a Beaumont, John 
245 0 |a NorthStar: units 7 - 10 CD2 
245 0 |b Building skills for the TOEFL iBT - Intermediate 
245 0 |c John Beaumont 
260 |a White Plains, NY 
260 |b Pearson Longman in cooperationwith ETS 
260 |c 2006 
650 |a English language,Test of English as a Foreign Language 
650 |x Study and teaching,Foreign speakers.,Study guides 
904 |i Minh 
980 |a Trung tâm Học liệu Trường Đại học Cần Thơ